000 00441nam a22001577a 4500
005 20180203105700.0
008 160427b xxu||||| |||| 00| 0 eng d
020 _a81-203-2207-X
041 _aeng
082 _b00281
_a004.165
100 _aTriebel, Walter A.
_94055
245 _aThe 8088 and 8086 Mcroprocessors - Programming interfacing, Software, Hardware appl.
260 _aNew Delhi
_bPHI Pvt Ltd.
_c2004
300 _a1019
942 _cBK
999 _c93
_d93